Statistics for Name the 9 countries that border the Democratic Republic of the Congo

Click here to take the quiz!

General Stats

  • This quiz has been taken 120 times
  • The average score is 8 of 9

Answer Stats

Answer% Correct
Uganda
93%
Angola
92%
Rwanda
92%
Zambia
92%
Central African Republic
90%
South Sudan
89%
Republic of the Congo
88%
Tanzania
86%
Burundi
83%

Score Distribution

Percentile by Number Answered

Percent of People with Each Score

Your Score History

You have not taken this quiz